Financial strategy : Study in the creation, transfer, and destruction of shareholder value
Đã lưu trong:
| Tác giả chính: | |
|---|---|
| Định dạng: | Sách |
| Ngôn ngữ: | Undetermined |
| Được phát hành: |
Homewood
Richard D. Irwin, Inc.
1979
|
| Những chủ đề: | |
| Các nhãn: |
Thêm thẻ
Không có thẻ, Là người đầu tiên thẻ bản ghi này!
|
| Thư viện lưu trữ: | Trung tâm Học liệu Trường Đại học Cần Thơ |
|---|
| LEADER | 00589nam a2200205Ia 4500 | ||
|---|---|---|---|
| 001 | CTU_78039 | ||
| 008 | 210402s9999 xx 000 0 und d | ||
| 082 | |a 658.1 | ||
| 082 | |b F944 | ||
| 100 | |a Fruhan, William E. | ||
| 245 | 0 | |a Financial strategy : | |
| 245 | 0 | |b Study in the creation, transfer, and destruction of shareholder value | |
| 245 | 0 | |c William E. Fruhan | |
| 260 | |a Homewood | ||
| 260 | |b Richard D. Irwin, Inc. | ||
| 260 | |c 1979 | ||
| 650 | |a Corporations | ||
| 650 | |x Valuation | ||
| 650 | |z United States | ||
| 980 | |a Trung tâm Học liệu Trường Đại học Cần Thơ | ||